| 000 | 00895nam a2200253Ia 4500 | ||
|---|---|---|---|
| 003 | OSt | ||
| 005 | 20221005112951.0 | ||
| 006 | a|||||r|||| 00| 0 | ||
| 007 | ta | ||
| 008 | 221004b |||||||| |||| 00| 0 pan d | ||
| 020 | _c125 | ||
| 024 | _a104590 | ||
| 037 |
_b7848/III/A, 21/02/2011, Arsee Publishers _cTextual |
||
| 040 |
_aCRL _cCRL _bpan |
||
| 041 |
_2pan _apan |
||
| 082 | _aO153,3N33,22:g, P6 | ||
| 100 | _aਦੀਪ, ਪਰਬਜੀਤ ਕੌਰ | ||
| 245 | 0 | _aਪਰਸਾ ਦਾ ਰਚਨਾ ਸੰਸਾਰ | |
| 260 |
_aਦਿੱਲੀ _bਨਾਨਕ ਸਿੰਘ ਪੁਸਤਕ ਮਾਲਾ ਭਾਰਤ _c2006 |
||
| 300 |
_a119ਪੰ _ccm. |
||
| 650 | _aਪੰਜਾਬੀ ਸਾਹਿਤ | ||
| 942 |
_hO153,3N33,22:g, P6 _cTEXL _2cc |
||
| 999 |
_c1026604 _d1026604 |
||